Language Quiz

Random Language or Letter Quiz

'M' in the Middle Quiz Stats

Quiz Updated Oct 11, 2012

Challenge
Share
Tweet
Answers are in alphabetical order.
Score 0/28 Timer 04:00
1 Play Today
Hint _ _ M _ _ Word % Correct
Disney deerBambi
97.2%
Yellow citrusLemon
95.7%
Mr. SimpsonHomer
95.7%
Bond. ____ Bond.James
95.6%
Humped animalCamel
94.5%
Homo sapiensHuman
93.7%
Female personWoman
92.8%
Lee Curtis or Foxx, e.g.Jamie
90.9%
Leg boneFemur
89.9%
TastyYummy
87.9%
Fudd from Looney TunesElmer
87.6%
Astronomical object with a tailComet
86.8%
Corpse covered in gauzeMummy
86.4%
Knight's metallic 'clothing' (US)Armor
85.8%
Hint _ _ M _ _ Word % Correct
One from Italy's capitalRoman
85.7%
'Diary of a _____ Kid'Wimpy
84.6%
Funniness (US)Humor
81.8%
Throw upVomit
81.3%
Musical speedTempo
81.2%
Questionable gossip (US)Rumor
72.5%
Floridian city on a bayTampa
72%
To copy someoneMimic
71%
Sticky or chewyGummy
68.5%
Middle Eastern countryYemen
68.3%
Evil spiritDemon
66.2%
Thick soup with okraGumbo
56.1%
Capital of JordanAmman
49.5%
Pacific island countrySamoa
47.3%

You're not logged in!

Compare scores with friends on all Sporcle quizzes.
Join for Free
OR
Log In

You Might Also Like...

Show Comments

Extras

Top Quizzes Today


Score Distribution

Your Account Isn't Verified!

In order to create a playlist on Sporcle, you need to verify the email address you used during registration. Go to your Sporcle Settings to finish the process.

Report this User

Report this user for behavior that violates our Community Guidelines.

Details: